000 00818nam a2200265 a 4500
005 20191224041813.0
008 160129s2006 ve a gr|||| 00| 0 spa d
020 _a9802182680
040 _aCO-BoIAVH
_cCO-BoIAVH
041 _aspa
044 _ave
082 0 4 _a578.68
_bA81e
100 1 _aAscanio Vernet, Rafael
245 1 3 _aLa Extinción :
_bfauna venezolana en peligro
260 _aCaracas :
_bCENAMEC,
_c2006.
300 _a64 páginas :
_bIlustraciones ;
_c20 x 21 cm.
650 6 _aEspecies en peligro de extinción
650 6 _aConservación de fauna
650 6 _aPérdida de hábitat
662 _aVenezuela
700 1 _aSilvera, Aura Cristina
700 1 _aNavarrete, Luis Fernando
700 1 _aMachado Allison, Antonio
942 _cLIBRO
_2ddc
999 _c5694
_d5694